Statistics for Heartbreak Weather - Niall Horan (All Lyrics)

Click here to take the quiz!

General Stats

  • This quiz has been taken 33 times
    (31 since last reset)
  • The average score is 266 of 355

Answer Stats

Answer% Correct
a
100%
I
100%
we
95%
We
95%
you
95%
You
95%
your
95%
in
90%
when
90%
all
85%
All
85%
be
85%
been
85%
by
85%
from
85%
heartbreak
85%
It
85%
it
85%
life
85%
me
85%
my
85%
of
85%
room
85%
the
85%
to
85%
was
85%
Was
85%
weather
85%
But
80%
comin'
80%
eyes
80%
feels
80%
hotel
80%
lightnin'
80%
mirror
80%
swear
80%
there
80%
There
80%
with
80%
you're
80%
You're
80%
can
75%
city
75%
different
75%
saw
75%
so
75%
where
75%
better
70%
dancin'
70%
fire
70%
it's
70%
lonely
70%
look
70%
Startin'
70%
this
70%
were
70%
what
70%
yeah
70%
Yeah
70%
And
65%
and
65%
are
65%
around
65%
away
65%
dark
65%
Findin'
65%
get
65%
I've
65%
just
65%
our
65%
smilin'
65%
stay
65%
turn
65%
want
65%
won't
65%
Blinded
60%
blinded
60%
couldn't
60%
felt
60%
haven't
60%
magic
60%
myself
60%
off
60%
reasons
60%
sparks
60%
up
60%
way
60%
while
60%
bars
55%
body
55%
clothes
55%
livin'
55%
moves
55%
reminded
55%
Runnin'
55%
same
55%
sleepwalk
55%
takin'
55%
Tellin'
55%
vision
55%
Bruno
50%
clouds
50%
drivin'
50%
Thinkin'
50%
close
45%
empty
45%
missin'
45%
moment
45%
Now
45%
silence
45%
that's
45%
twisted
45%
watchin'
45%
holdin'
40%
Lately
40%
lifted
40%
tangled
40%
heart's
35%
breakin'
30%

Score Distribution

Percentile by Number Answered

Percent of People with Each Score

Your Score History

You have not taken this quiz since the last reset